Quelle est la profession de ces personnalités françaises ? - Statistiques

Statistiques générales
  • Ce quiz a été pris 666 fois
  • Le résultat moyen est 13 sur 15
Statistiques - réponses
Personnalités Professions % Correct
Emmanuel Macron Président de la République
100%
Claude François Chanteur
99%
Édith Piaf Chanteuse
98%
Kylian Mbappe Footballeur
97%
Voltaire Philosophe
97%
Florence Parly Ministre des Armées
96%
Gérard Jugnot Acteur
95%
Thomas Pesquet Astronaute
94%
Claude Monnet Peintre
90%
Jean Castex Premier ministre
90%
Napoléon Bonaparte Empereur
87%
Marie Curie Scientifique / Physicienne
85%
Nicolas Karabatic Handballeur
66%
Philippe Auguste Roi
56%
Paul Pairet Cuisinier
36%
Aucun quiz correspondant
Distribution des résultats
% des personnes avec chaque résultat
Percentile par nombre de réponses
Votre historique - résultats
Vous n’avez pas pris ce quiz